Ideas y aportes la democracia en América Latina : hacia una democracia de ciudadanas y ciudadanos

Bibliographic Details
Format: Section = Libro
Language:Undetermined
Spanish
Published: Bogotá PNUD 2004
Edition:2a.ed.
Subjects:
LEADER 00619nam a2200205Ia 4500
008 240829s9999 xx 000 0 und d
020 |a 958-96707-5-X 
040 |a BIBLIOTECA-RUPAP Ref 321.8 P964 
041 |a spa 
082 |a Ref 321.8 P964 
245 1 0 |a Ideas y aportes la democracia en América Latina : hacia una democracia de ciudadanas y ciudadanos 
250 |a 2a.ed. 
260 |a Bogotá  |b PNUD  |c 2004 
300 |a 85 p. :il. 
650 7 |a DEMOCRACIA-AMERICA LATINA 
650 7 |b  CIUDADANIA POLITICA-CIVIL Y SOCIAL 
650 7 |c  DEMOCRACIA ETNICA I. Tít. 
942 |c BK  |2 ddc 
991 |a TEXTO 
999 |c 10251